[Event "Hastings Masters 2025-26"]
[Site "Hastings ENG"]
[Date "2025.12.28"]
[Round "1.49"]
[White "Oh, Sejun"]
[Black "Binks, Michael"]
[Result "1-0"]
[WhiteElo "1695"]
[BlackElo "1898"]
[WhiteFideId "13216112"]
[BlackFideId "1800957"]
[EventDate "2025.12.28"]

1. d4 f5 2. g3 g6 3. Bg2 Bg7 4. Nf3 Nf6 5. O-O e6 6. c4 d6 7. Nc3 O-O 8. Qc2 d5
9. Bf4 c6 10. Rfd1 Qe7 11. b3 Nbd7 12. c5 Ne8 13. b4 a6 14. a4 h6 15. h4 Ndf6
16. Ne5 Kh7 17. b5 axb5 18. axb5 Rxa1 19. Rxa1 cxb5 20. Nxb5 Nh5 21. Nd6 Nxf4
22. Nxc8 Qc7 23. Nb6 Bxe5 24. dxe5 Nxg2 25. Kxg2 Ng7 26. f4 Qc6 27. Qa4 Qc7 28.
Qb5 Rf7 29. Ra8 g5 30. hxg5 hxg5 31. Rc8 Qe7 32. Qb1 Kg6 33. Na8 gxf4 34. gxf4
Qh4 35. e3 Qg4+ 36. Kf2 Qh4+ 37. Ke2 Qh2+ 38. Kd3 Qg2 39. Qe1 Qe4+ 40. Ke2 Qc2+
41. Kf3 Qe4+ 42. Kf2 Qc2+ 43. Qe2 Qxe2+ 44. Kxe2 Re7 45. Nb6 Kf7 46. Kd3 Ne8 47.
Rb8 1-0

[Event "Hastings Masters 2025-26"]
[Site "Hastings ENG"]
[Date "2025.12.28"]
[Round "1.51"]
[White "Lee, Ain"]
[Black "Shankar, Yashwardhan"]
[Result "1-0"]
[WhiteElo "1666"]
[BlackElo "1886"]
[WhiteFideId "13220110"]
[BlackFideId "2411067"]
[EventDate "2025.12.28"]

1. e4 c6 2. d4 d5 3. exd5 cxd5 4. Bd3 Nf6 5. h3 Nc6 6. c3 g6 7. Nf3 Bg7 8. Bf4
O-O 9. O-O Nd7 10. Re1 Re8 11. Nbd2 f6 12. Qb3 Nf8 13. Bh2 Kh8 14. Rad1 e5 15.
dxe5 fxe5 16. Bb5 Qc7 17. Qxd5 Be6 18. Qe4 Bf5 19. Qa4 Nd7 20. Nc4 Nc5 21. Qa3
Nd3 22. Re2 Rad8 23. Ne3 Nf4 24. Red2 Rxd2 25. Rxd2 Qb6 26. Qb3 a6 27. Nxf5 gxf5
28. Bc4 Qc5 29. Bf1 Na5 30. Qa4 Nc6 31. Rd7 Ne6 32. Qh4 h6 33. Qh5 Re7 34. Rxe7
Nxe7 35. Bxe5 Kh7 36. Qf7 Ng6 37. Qxe6 Bxe5 38. Nxe5 Qxe5 39. Qf7+ Qg7 40. Qxf5
Kh8 41. Qc8+ Nf8 42. Bd3 Qe7 43. Qf5 Qe1+ 44. Kh2 Qe7 45. f4 Nd7 46. Qe4 Qf7 47.
Qd4+ Nf6 48. Bc4 Qe7 49. Qe5 Qd8 50. Qe6 b5 51. Bb3 a5 52. Qf7 a4 53. Be6 h5 54.
Qg6 Qf8 55. Bf7 Nh7 56. Qxh5 Qg7 57. Bg6 a3 58. bxa3 b4 59. axb4 Kg8 60. Qxh7+
Kf8 61. Qxg7+ Kxg7 62. a4 1-0

[Event "Hastings Masters 2025-26"]
[Site "Hastings ENG"]
[Date "2025.12.28"]
[Round "1.52"]
[White "Sadler, Ben"]
[Black "Saxena, Reyansh"]
[Result "1/2-1/2"]
[WhiteElo "1882"]
[BlackElo "1641"]
[WhiteFideId "472190"]
[BlackFideId "343423884"]
[EventDate "2025.12.28"]

1. Nf3 Nf6 2. g3 e6 3. Bg2 d5 4. O-O Be7 5. d3 Nbd7 6. Nbd2 Nf8 7. e4 Ng6 8. e5
Nd7 9. d4 c5 10. c3 b6 11. Re1 O-O 12. h4 f5 13. exf6 Nxf6 14. Ne5 Nxe5 15. dxe5
Ne8 16. Nf3 g6 17. c4 Bb7 18. Ng5 Ng7 19. Qg4 Bxg5 20. Bxg5 Qc7 21. Bf6 Rae8 22.
cxd5 Bxd5 23. Bxd5 exd5 24. Qf3 Qf7 25. Rad1 d4 26. Qb3 Qxb3 27. axb3 Ne6 28.
Kg2 Nc7 29. g4 Nd5 30. g5 Re6 31. Kg3 Rfe8 32. f4 Ne3 33. Rxe3 dxe3 34. Rd7 Rc6 1/2-1/2

[Event "Hastings Masters 2025-26"]
[Site "Hastings ENG"]
[Date "2025.12.28"]
[Round "1.53"]
[White "Siddhartha Shankar Srivastava"]
[Black "Anjulan, Ashwin"]
[Result "0-1"]
[WhiteElo "1589"]
[BlackElo "1876"]
[WhiteFideId "25780590"]
[BlackFideId "343411622"]
[EventDate "2025.12.28"]

1. e4 e6 2. d4 d5 3. e5 c5 4. c3 Nc6 5. Nf3 Bd7 6. Be2 Nge7 7. Na3 cxd4 8. cxd4
Nf5 9. Nc2 Be7 10. O-O O-O 11. a3 f6 12. g4 fxe5 13. gxf5 e4 14. Ne5 Bd6 15. Bf4
Rxf5 16. Nxc6 Bxc6 17. Bxd6 Qxd6 18. Qd2 Raf8 19. Ne1 e5 20. dxe5 Qg6+ 21. Kh1
e3 22. Qd3 exf2 23. Bf3 fxe1=Q 24. Bxd5+ Kh8 25. Rfxe1 Rd8 26. Bxc6 Rxd3 27. Be4
Rf1+ 28. Rxf1 Qxe4+ 29. Kg1 h6 30. Rae1 Re3 31. Rf8+ Kh7 32. Rc1 Qxe5 33. Rcc8
Re1+ 34. Kg2 Qe4+ 35. Kg3 Re3+ 36. Kf2 Re2+ 37. Kg3 Rg2+ 0-1

[Event "Hastings Masters 2025-26"]
[Site "Hastings ENG"]
[Date "2025.12.29"]
[Round "2.1"]
[White "Laurent-Paoli, Pierre"]
[Black "Gormally, Daniel W"]
[Result "1-0"]
[WhiteTitle "GM"]
[BlackTitle "GM"]
[WhiteElo "2539"]
[BlackElo "2396"]
[WhiteFideId "26017962"]
[BlackFideId "406465"]
[EventDate "2025.12.28"]

1. e4 c5 2. Nf3 d6 3. d4 cxd4 4. Nxd4 Nf6 5. Nc3 a6 6. Be3 e5 7. Nb3 Be6 8. f3
h5 9. Nd5 Bxd5 10. exd5 Nbd7 11. Qd2 Be7 12. Be2 O-O 13. O-O-O Qc7 14. Kb1 Nb6
15. Qa5 Rfc8 16. c3 Bd8 17. Bxb6 Qxb6 18. Qxb6 Bxb6 19. a4 g6 20. a5 Bd8 21. Kc2
b5 22. axb6 Bxb6 23. Rhe1 Bf2 24. Rf1 Bb6 25. Rd3 a5 26. Ra1 a4 27. Nd2 Ra5 28.
Ne4 Nxe4 29. fxe4 Bc5 30. Rf3 Kg7 31. Bd3 h4 32. Kd2 Ra7 33. Ra2 Bg1 34. h3 Bh2
35. b4 Bf4+ 36. Kc2 Rac7 37. Ba6 Ra8 38. Bb5 f5 39. Bc6 Rb8 40. Kd3 Ra7 41. Rf1
a3 42. Rfa1 Bh2 43. Rxa3 Rxa3 44. Rxa3 Bg1 45. Ra1 Bb6 46. Ra6 Kf6 47. c4 Kg5
48. c5 dxc5 49. b5 c4+ 50. Kxc4 fxe4 51. d6 Kf4 52. Rxb6 Rxb6 53. d7 Rb8 54. Kc5
e3 55. Bf3 e4 56. Bg4 Kg3 57. Kc6 Kf2 58. Kc7 Rf8 59. d8=Q Rxd8 60. Kxd8 e2 61.
Bxe2 Kxe2 62. b6 e3 63. b7 Kf2 64. b8=Q Kxg2 65. Qf4 e2 66. Qxh4 1-0

[Event "Hastings Masters 2025-26"]
[Site "Hastings ENG"]
[Date "2025.12.29"]
[Round "2.2"]
[White "Mazur, Stefan"]
[Black "Sulskis, Sarunas"]
[Result "0-1"]
[WhiteTitle "IM"]
[BlackTitle "GM"]
[WhiteElo "2392"]
[BlackElo "2475"]
[WhiteFideId "14909332"]
[BlackFideId "12800112"]
[EventDate "2025.12.28"]

1. e4 Nc6 2. Nf3 e5 3. d4 exd4 4. Bc4 Nf6 5. O-O Nxe4 6. Re1 d5 7. Bxd5 Qxd5 8.
Nc3 Qh5 9. Nxe4 Be6 10. Bg5 Bd6 11. Nxd6+ cxd6 12. Bf4 Qd5 13. c3 Kd7 14. Nxd4
Nxd4 15. cxd4 g5 16. Be3 h5 17. Rc1 h4 18. h3 g4 19. hxg4 h3 20. Qf3 h2+ 21. Kh1
Qxf3 22. gxf3 Bd5 23. Kg2 Rh4 24. Bf4 Rxg4+ 25. Bg3 f5 26. Rc3 f4 27. Kh3 Rg7 0-1

[Event "Hastings Masters 2025-26"]
[Site "Hastings ENG"]
[Date "2025.12.29"]
[Round "2.3"]
[White "Deuer, Marius"]
[Black "Golding, Alex"]
[Result "1-0"]
[WhiteTitle "IM"]
[BlackTitle "IM"]
[WhiteElo "2475"]
[BlackElo "2370"]
[WhiteFideId "16236432"]
[BlackFideId "427241"]
[EventDate "2025.12.28"]

1. d4 Nf6 2. c4 e6 3. Nc3 d5 4. cxd5 exd5 5. Bg5 c6 6. e3 Bf5 7. Nge2 h6 8. Bf4
Qb6 9. Qd2 Nbd7 10. f3 Be7 11. g4 Be6 12. h4 a5 13. Ng3 a4 14. a3 Qa5 15. Bd3
Nb6 16. Kf2 Nc4 17. Qc2 c5 18. Bxc4 dxc4 19. g5 cxd4 20. gxf6 Bxf6 21. Nce4 Be5
22. Bxe5 dxe3+ 23. Kxe3 Qxe5 24. Qc3 Qc7 25. Rad1 O-O 26. Nh5 f5 27. Rhg1 Rf7
28. Nd6 Re7 29. Kf2 Rf8 30. Nxg7 Kh7 31. Nh5 1-0

[Event "Hastings Masters 2025-26"]
[Site "Hastings ENG"]
[Date "2025.12.29"]
[Round "2.4"]
[White "Badacsonyi, Stanley"]
[Black "Kaasen, Tor Fredrik"]
[Result "0-1"]
[WhiteTitle "FM"]
[BlackTitle "IM"]
[WhiteElo "2317"]
[BlackElo "2471"]
[WhiteFideId "486973"]
[BlackFideId "1516647"]
[EventDate "2025.12.28"]

1. d4 Nf6 2. c4 g6 3. Nc3 Bg7 4. e4 d6 5. Be2 O-O 6. Be3 c5 7. d5 e6 8. Nf3 Re8
9. Nd2 Na6 10. O-O Nc7 11. a4 Rb8 12. h3 b6 13. Re1 a6 14. Qc2 exd5 15. cxd5 b5
16. axb5 axb5 17. b4 cxb4 18. Na2 b3 19. Nxb3 Nxe4 20. Rad1 Bf5 21. g4 Nxf2 22.
gxf5 Nxh3+ 0-1

[Event "Hastings Masters 2025-26"]
[Site "Hastings ENG"]
[Date "2025.12.29"]
[Round "2.5"]
[White "Kalavannan, Koby"]
[Black "Plat, Vojtech"]
[Result "0-1"]
[WhiteTitle "FM"]
[BlackTitle "GM"]
[WhiteElo "2275"]
[BlackElo "2461"]
[WhiteFideId "425753"]
[BlackFideId "325740"]
[EventDate "2025.12.28"]

1. Nf3 g6 2. e4 c5 3. d4 cxd4 4. Qxd4 Nf6 5. Nc3 Nc6 6. Qa4 d6 7. e5 Ng4 8. Bb5
Nxe5 9. Nxe5 dxe5 10. Bxc6+ bxc6 11. Qxc6+ Bd7 12. Qc5 Bg7 13. Nd5 Rc8 14. Qxa7
Bc6 15. Ne3 Qd4 16. Qa6 Qd7 17. Qe2 f5 18. f3 e4 19. fxe4 Bxe4 20. O-O O-O 21.
Rd1 Qa7 22. Kh1 Qb7 23. c4 e6 24. Nf1 e5 25. Ne3 Rfd8 26. Rxd8+ Rxd8 27. Nd5 Qa6
28. Nc3 Bd3 29. Qd1 Qxc4 30. Bg5 Rd4 31. Be3 Rd7 32. Rc1 Qb4 33. Qa4 Qb7 34. Rd1
e4 35. h3 Rd8 36. Rd2 h6 37. Nb5 Kh7 38. Nc3 g5 39. Qa5 Qd7 40. Qa7 Qe6 41. Bg1
f4 42. Nd1 Rd7 43. Qa5 e3 0-1

[Event "Hastings Masters 2025-26"]
[Site "Hastings ENG"]
[Date "2025.12.29"]
[Round "2.6"]
[White "Hagner, Bennet"]
[Black "Balaji, Aaravamudhan"]
[Result "1-0"]
[WhiteTitle "IM"]
[BlackTitle "IM"]
[WhiteElo "2451"]
[BlackElo "2270"]
[WhiteFideId "16224477"]
[BlackFideId "436224"]
[EventDate "2025.12.28"]

1. e4 e5 2. Nf3 Nc6 3. Bc4 Nf6 4. d3 Be7 5. Nc3 d6 6. a4 O-O 7. O-O Na5 8. Ba2
c5 9. Nd2 Bg4 10. f3 Be6 11. Nc4 Nc6 12. Ne3 Nb4 13. Bc4 d5 14. exd5 Nfxd5 15.
Nexd5 Nxd5 16. Bd2 Nc7 17. Qe2 Bxc4 18. dxc4 Bg5 19. Rad1 Ne6 20. Nd5 Bxd2 21.
Rxd2 Qg5 22. Qf2 Nd4 23. Kh1 Rae8 24. Re1 Re6 25. c3 Nc6 26. Qe3 Qh4 27. Qe4 Qg5
28. Ne3 f5 29. Qd5 Qe7 30. Red1 g6 31. Qd7 Qxd7 32. Rxd7 Rf7 33. Kg1 Kf8 34. Kf2
Ke8 35. R7d5 b6 36. Nc2 Na5 37. Rd8+ Ke7 38. Ne3 Kf6 39. R1d7 Kg7 40. h4 Ree7
41. Rxe7 Rxe7 42. g4 fxg4 43. fxg4 h6 44. Ke2 Rf7 45. g5 hxg5 46. hxg5 Rf4 47.
Rd7+ Rf7 48. Rd5 Re7 49. Rd8 e4 50. Rc8 Rd7 51. b4 Nb7 52. Rc6 Kf7 53. a5 cxb4
54. axb6 a5 55. cxb4 axb4 56. c5 b3 57. Rc7 Rxc7 58. bxc7 b2 59. c8=Q b1=Q 60.
Qd7+ Kf8 61. c6 Qb5+ 62. Kf2 Nc5 63. Qd6+ Kg7 64. Qf6+ Kh7 65. Qe7+ Kg8 66. c7
Nd3+ 67. Kg3 1-0

[Event "Hastings Masters 2025-26"]
[Site "Hastings ENG"]
[Date "2025.12.29"]
[Round "2.7"]
[White "Southcott-Moyers, Indy"]
[Black "Kuru, Atilla"]
[Result "0-1"]
[WhiteTitle "FM"]
[BlackTitle "IM"]
[WhiteElo "2266"]
[BlackElo "2449"]
[WhiteFideId "488542"]
[BlackFideId "51607948"]
[EventDate "2025.12.28"]

1. d4 Nf6 2. c4 e6 3. Nc3 Bb4 4. Bd2 b6 5. e3 Bb7 6. Nf3 O-O 7. Bd3 c5 8. a3
cxd4 9. axb4 dxc3 10. Bxc3 d6 11. O-O Nbd7 12. Qe2 Qe7 13. Rfd1 Rfd8 14. e4 e5
15. Bc2 Nh5 16. g3 g6 17. Ne1 Nf8 18. Ng2 Ne6 19. Ne3 Ng5 20. Nd5 Bxd5 21. cxd5
f6 22. h4 Nf7 23. Bd3 Rac8 24. Qf3 Rf8 25. Qg2 Qd7 26. Bd2 Ng7 27. Rdc1 Rxc1+
28. Rxc1 f5 29. Qh3 h5 30. b5 Kh7 31. exf5 gxf5 32. Rc6 Nd8 33. Rc1 Nb7 34. b4
Qf7 35. Qg2 Qd7 36. Bg5 Nd8 37. Qf1 Nf7 38. Bd2 e4 39. Be2 Ne5 40. Bf4 Ng6 41.
Qh3 Nxf4 42. gxf4 Qf7 43. Kh2 Qxd5 44. Qg3 Qf7 45. Rc6 Rd8 46. Bc4 Qg6 47. Qc3
Rd7 48. Bd5 Qg4 49. Rc8 Qxf4+ 50. Qg3 Qg4 51. Rf8 Qxg3+ 52. Kxg3 Re7 53. Rf6 e3
54. fxe3 Rxe3+ 55. Kg2 Re2+ 56. Kg3 Rb2 57. Rxd6 Rxb4 58. Rd8 f4+ 59. Kf3 Kg6
60. Be4+ Kf6 61. Rd5 Rb3+ 62. Kf2 Re3 63. Bf3 Re5 64. Rd7 Rxb5 65. Rxa7 Rb2+ 66.
Ke1 Nf5 67. Bxh5 Nxh4 68. Rf7+ Ke5 69. Re7+ Kf6 70. Rf7+ Kg5 71. Be2 Ng2+ 72.
Kf2 Ne3 73. Kf3 Nc2 74. Rg7+ Kf6 75. Rd7 Ne1+ 76. Kf2 f3 77. Kxe1 fxe2 78. Rd5
Ke6 79. Rd2 Rxd2 80. Kxd2 Kd5 81. Kxe2 Kc4 82. Kd2 Kb3 83. Kc1 b5 84. Kb1 b4 85.
Ka1 Kc2 0-1

[Event "Hastings Masters 2025-26"]
[Site "Hastings ENG"]
[Date "2025.12.29"]
[Round "2.8"]
[White "Kovchan, Alexander"]
[Black "Hobson, Kenneth"]
[Result "1-0"]
[WhiteTitle "GM"]
[BlackTitle "FM"]
[WhiteElo "2447"]
[BlackElo "2264"]
[WhiteFideId "14103052"]
[BlackFideId "480819"]
[EventDate "2025.12.28"]

1. e4 e5 2. Nf3 Nc6 3. Bb5 a6 4. Ba4 Nf6 5. O-O b5 6. Bb3 Bc5 7. a4 Rb8 8. c3 d6
9. d4 Bb6 10. a5 Ba7 11. Be3 Bg4 12. Nbd2 O-O 13. Qe1 exd4 14. Nxd4 Nxd4 15.
cxd4 Re8 16. f3 Be6 17. Rc1 Bxb3 18. Nxb3 Qd7 19. Qc3 Rbc8 20. Qc6 Qe6 21. Rc3
b4 22. Rd3 d5 23. Qxe6 fxe6 24. exd5 Nxd5 25. Bf2 e5 26. dxe5 Bxf2+ 27. Kxf2
Rxe5 28. Re1 Rce8 29. Rxe5 Rxe5 30. Rd4 g5 31. Re4 Rf5 32. g4 Rf6 33. Re5 Nf4
34. Rxg5+ Kf7 35. Ke3 Ng2+ 36. Ke2 Nf4+ 37. Kd2 Rd6+ 38. Kc2 Nd3 39. Nc5 Ne1+
40. Kb3 Rd2 41. Nxa6 Nd3 42. Nxb4 Rxb2+ 43. Kc3 Rxb4 44. Kxd3 Ra4 45. Rc5 c6 46.
h4 Kg7 47. h5 h6 48. Ke3 Kh7 49. f4 Kg7 50. Kf3 Kh7 51. Kg3 Kg7 52. g5 hxg5 53.
fxg5 Kh7 54. Rxc6 Rxa5 55. Kg4 Kg7 56. Rc7+ Kg8 57. g6 Rb5 58. h6 Rb4+ 59. Kf5
Rb5+ 60. Ke4 Rb8 61. Kd5 Ra8 62. Kc5 Kh8 63. Kb6 Rg8 64. Rh7# 1-0

[Event "Hastings Masters 2025-26"]
[Site "Hastings ENG"]
[Date "2025.12.29"]
[Round "2.9"]
[White "Lau, Lut Yin Luke"]
[Black "Williams, Simon K"]
[Result "1/2-1/2"]
[WhiteTitle "CM"]
[BlackTitle "GM"]
[WhiteElo "2243"]
[BlackElo "2434"]
[WhiteFideId "6002226"]
[BlackFideId "404454"]
[EventDate "2025.12.28"]

1. e4 e6 2. d4 d5 3. Nd2 Nf6 4. e5 Nfd7 5. Bd3 c5 6. c3 Nc6 7. Ne2 cxd4 8. cxd4
f6 9. exf6 Qxf6 10. O-O Bd6 11. Nf3 h6 12. Be3 O-O 13. Rc1 e5 14. Nc3 Nb6 15.
Nxd5 Nxd5 16. Bc4 Kh8 17. Bxd5 Bg4 18. Bxc6 bxc6 19. dxe5 Bxe5 20. Rxc6 Qxc6 21.
Nxe5 Bxd1 22. Nxc6 Be2 23. Re1 Bh5 24. Bd4 a6 25. Bc3 Rfe8 26. Ne5 Kg8 27. f3
Bf7 28. a3 Bb3 29. Kf2 a5 1/2-1/2

[Event "Hastings Masters 2025-26"]
[Site "Hastings ENG"]
[Date "2025.12.29"]
[Round "2.10"]
[White "Ghimpu, Samuel-Timotei"]
[Black "Martin, Nils"]
[Result "1-0"]
[WhiteTitle "IM"]
[BlackTitle "FM"]
[WhiteElo "2428"]
[BlackElo "2222"]
[WhiteFideId "1238175"]
[BlackFideId "45160473"]
[EventDate "2025.12.28"]

1. Nf3 d5 2. g3 Nf6 3. Bg2 c6 4. c4 Nbd7 5. cxd5 cxd5 6. d4 e6 7. O-O Ne4 8. Nc3
Nxc3 9. bxc3 Nb6 10. Qd3 Bd7 11. Ne5 Bd6 12. e4 Bxe5 13. dxe5 dxe4 14. Bxe4 Bc6
15. Bxc6+ bxc6 16. Qe2 Qd5 17. Ba3 Qb5 18. Qg4 Qxe5 19. Rfe1 h5 20. Qb4 Qc7 21.
Rad1 Rd8 22. Qc5 Rxd1 23. Rxd1 h4 24. Rd6 hxg3 25. hxg3 Qb7 26. Rxc6 Na4 27. Qb4
Qxc6 28. Qe7# 1-0

[Event "Hastings Masters 2025-26"]
[Site "Hastings ENG"]
[Date "2025.12.29"]
[Round "2.11"]
[White "Skytte, Robert"]
[Black "Wang, Hao(ZJ)"]
[Result "0-1"]
[WhiteTitle "CM"]
[BlackTitle "IM"]
[WhiteElo "2050"]
[BlackElo "2426"]
[WhiteFideId "1471775"]
[BlackFideId "8631859"]
[EventDate "2025.12.28"]

1. e4 e5 2. Nf3 Nc6 3. Bb5 a6 4. Ba4 Nf6 5. O-O Be7 6. Re1 b5 7. Bb3 O-O 8. h3
Bb7 9. d3 d6 10. Nc3 Na5 11. Bg5 Nxb3 12. axb3 Nd7 13. Bxe7 Qxe7 14. Nd5 Qd8 15.
Ne3 Nc5 16. Qd2 g6 17. Qc3 Ne6 18. d4 Bxe4 19. dxe5 Bxf3 20. gxf3 Qg5+ 21. Ng4
h5 22. h4 Qxh4 23. Nf6+ Kg7 24. Nd7 b4 25. Qe3 Nf4 26. Red1 Qg5+ 27. Kf1 Rfd8
28. Qd4 Qg2+ 29. Ke1 Qxf3 30. Kd2 Ne6 0-1

[Event "Hastings Masters 2025-26"]
[Site "Hastings ENG"]
[Date "2025.12.29"]
[Round "2.12"]
[White "Pai, Sidhanth"]
[Black "Dupuis, Denis K"]
[Result "0-1"]
[WhiteElo "1842"]
[BlackElo "2045"]
[WhiteFideId "343111937"]
[BlackFideId "452980"]
[EventDate "2025.12.28"]

1. d4 d5 2. c4 c6 3. Nf3 Nf6 4. Nc3 e6 5. Bg5 Nbd7 6. e3 Qa5 7. Nd2 dxc4 8. Bxf6
Nxf6 9. Nxc4 Qc7 10. Rc1 Nd5 11. a3 Be7 12. Be2 O-O 13. O-O Rd8 14. b4 Nb6 15.
Qb3 Nxc4 16. Bxc4 Bd7 17. Ne4 a5 18. Nc5 axb4 19. axb4 Be8 20. Nd3 Ra7 21. Ra1
Rxa1 22. Rxa1 b5 23. Bxe6 fxe6 24. Qxe6+ Bf7 25. Qg4 Bd6 26. h3 Qc8 27. Qxc8
Rxc8 28. f3 Bc4 29. Nc5 Bxc5 30. bxc5 b4 31. Rc1 Bf7 32. e4 b3 33. Rb1 Bc4 34.
Kf2 Rb8 35. Rb2 Ra8 36. Ke3 Ra2 37. Rb1 Re2+ 38. Kf4 b2 39. d5 cxd5 40. c6 d4
41. c7 Ba6 42. Ke5 d3 43. Kd4 d2 44. Rd1 Re1 45. c8=N Rxd1 0-1

[Event "Hastings Masters 2025-26"]
[Site "Hastings ENG"]
[Date "2025.12.29"]
[Round "2.13"]
[White "Vaidyanathan, Adithya"]
[Black "Herzwurm, Robert"]
[Result "1-0"]
[WhiteElo "2189"]
[BlackElo "2047"]
[WhiteFideId "495450"]
[BlackFideId "4668570"]
[EventDate "2025.12.28"]

1. d4 Nf6 2. c4 g6 3. Nc3 Bg7 4. e4 d6 5. Nf3 O-O 6. h3 e5 7. d5 a5 8. Be3 Na6
9. Nd2 Nd7 10. g4 Ndc5 11. a3 Bd7 12. Qc2 f5 13. exf5 gxf5 14. Be2 Kh8 15. O-O-O
Qf6 16. gxf5 Bxf5 17. Nce4 Bxe4 18. Nxe4 Nxe4 19. Qxe4 Bh6 20. Bd3 Rf7 21. Bc2
Nc5 22. Qg4 Rg8 23. Qh5 Bxe3+ 24. fxe3 Rg5 25. Qe2 e4 26. Rdf1 Qg7 27. Rxf7 Qxf7
28. Rf1 Rf5 29. Rg1 a4 30. Qd1 Qf6 31. Qd4 Re5 32. Kb1 Qf5 33. h4 h6 34. Qd2 Re8
35. Qg2 Qf6 36. h5 Nd3 37. Bxa4 Rf8 38. Bd7 Qg5 39. Qxg5 hxg5 40. Rxg5 Rf1+ 41.
Kc2 Rf2+ 42. Kc3 Rxb2 43. Bf5 Re2 44. h6 Rxe3 45. Kd4 Rh3 1-0

[Event "Hastings Masters 2025-26"]
[Site "Hastings ENG"]
[Date "2025.12.29"]
[Round "2.14"]
[White "Brewer, Callum D"]
[Black "Verbytski, Oleg"]
[Result "0-1"]
[WhiteElo "2175"]
[BlackElo "2039"]
[WhiteFideId "435309"]
[BlackFideId "495506"]
[EventDate "2025.12.28"]

1. e4 c5 2. Nf3 d6 3. d4 cxd4 4. Nxd4 Nf6 5. Nc3 a6 6. Be3 e6 7. g4 h6 8. h4 Be7
9. Rg1 Nfd7 10. g5 hxg5 11. hxg5 Nf8 12. Qd2 b5 13. O-O-O Bb7 14. Bd3 Nbd7 15.
f4 Nc5 16. a3 g6 17. f5 Nfd7 18. fxg6 fxg6 19. Nf3 Nf8 20. Bxc5 dxc5 21. Nxb5 c4
22. Qc3 axb5 23. Bxc4 Qb6 24. Bxb5+ Qxb5 25. Qxh8 Bxe4 26. Qe5 Qxe5 27. Nxe5 Rc8
28. Nd3 Nh7 29. Kb1 Nxg5 30. a4 Nf3 31. Rg4 Bf5 32. Rf4 Nh4 33. a5 g5 34. Ra4 g4
35. a6 g3 36. b4 Nf3 37. b5 Bxd3 38. cxd3 Bc5 39. Rc4 g2 40. Ka2 Kd7 41. d4 Bb6
42. Rxc8 Kxc8 43. Kb3 g1=Q 44. Rxg1 Nxg1 45. Kc4 Kd7 0-1

[Event "Hastings Masters 2025-26"]
[Site "Hastings ENG"]
[Date "2025.12.29"]
[Round "2.15"]
[White "Byron, Alan M"]
[Black "Zhang, Junyi"]
[Result "0-1"]
[BlackTitle "CM"]
[WhiteElo "2022"]
[BlackElo "2172"]
[WhiteFideId "401773"]
[BlackFideId "494437"]
[EventDate "2025.12.28"]

1. c4 Nf6 2. Nc3 e6 3. Nf3 d5 4. e3 Be7 5. Be2 O-O 6. O-O dxc4 7. Bxc4 a6 8. a4
c5 9. d4 Qc7 10. Qe2 Nc6 11. dxc5 Bxc5 12. Rd1 b6 13. h3 Bb7 14. e4 Ne5 15. Bb3
h6 16. Bf4 Nxf3+ 17. Qxf3 Qe7 18. Qe2 e5 19. Be3 Rfd8 20. Nd5 Nxd5 21. Bxd5 Bxd5
22. exd5 Qd6 23. Rac1 Rdc8 24. Bxc5 bxc5 25. Rc4 Rab8 26. Qc2 Rc7 27. b3 g6 28.
Qc3 h5 29. Qe3 Rb4 30. g4 hxg4 31. hxg4 Qd7 32. Qe4 Qd6 33. Rd3 Rcb7 34. Qe3
Rxc4 35. bxc4 Rb4 36. Rc3 Rxa4 37. Qg5 Ra1+ 38. Kg2 Ra4 39. Qh6 Rxc4 40. Rh3
Rxg4+ 41. Kf1 Qf6 42. d6 Rd4 43. Qh7+ Kf8 44. Rf3 Qg7 45. Qh3 f5 46. Rb3 Rxd6
47. Rb8+ Ke7 48. Qh4+ Ke6 49. Re8+ Kd5 50. Qa4 Qb7 51. Qa2+ Kc6 52. Rxe5 Kb6 53.
Ke2 Qc6 54. Qg8 a5 55. Re8 Qb5+ 56. Kf3 Qd3+ 57. Kf4 Qd2+ 58. Kg3 Rd3+ 59. Kg2
Qg5+ 60. Kf1 Rd1+ 61. Re1 Rxe1+ 62. Kxe1 Qg1+ 63. Ke2 Qg4+ 64. Kf1 Qd1+ 65. Kg2
Qd6 66. Qb3+ Kc7 67. Qf7+ Kc6 68. Qe8+ Kb6 69. Qf7 a4 70. Qc4 Qc6+ 71. Kg1 Qe4 0-1

[Event "Hastings Masters 2025-26"]
[Site "Hastings ENG"]
[Date "2025.12.29"]
[Round "2.16"]
[White "Manmay Chopra"]
[Black "Vaddhireddy, Sai"]
[Result "0-1"]
[WhiteTitle "CM"]
[WhiteElo "2170"]
[BlackElo "1960"]
[WhiteFideId "25649191"]
[BlackFideId "499560"]
[EventDate "2025.12.28"]

1. e4 c6 2. d4 d5 3. Nd2 dxe4 4. Nxe4 Nf6 5. Nxf6+ exf6 6. c3 Bd6 7. Bd3 O-O 8.
Qc2 Re8+ 9. Ne2 h5 10. Be3 Nd7 11. O-O-O Nf8 12. c4 Be6 13. Kb1 Rc8 14. a3 Ng6
15. Nc3 b5 16. c5 Bf8 17. d5 cxd5 18. Bxb5 Bxc5 19. Bxe8 Qxe8 20. Bxc5 Rxc5 21.
Ka1 Ne5 22. Qd2 Nc4 23. Qd4 Qb8 24. b4 Ra5 25. Nb1 Qxb4 26. Rd3 Bf5 27. Rhd1
Bxd3 28. Rxd3 Nxa3 29. Qxb4 Nc2+ 30. Kb2 Nxb4 31. Rd4 Nc6 32. Rd1 d4 33. Na3 Rd5
34. Nc2 g6 35. Kb3 Rb5+ 36. Ka3 a5 37. Rd2 Rc5 38. Ne1 Kg7 39. Ka4 Rd5 40. f4
Ne7 41. Nd3 Nf5 42. g3 Ne3 43. Rb2 Nd1 44. Rd2 Nc3+ 45. Kb3 a4+ 46. Kc4 a3 47.
Nb4 Rd7 48. Kb3 g5 49. Rd3 a2 50. Kb2 Kg6 51. Ka1 Kf5 52. fxg5 fxg5 53. Rd2 Ke4
54. h3 Rb7 55. Rb2 f5 56. h4 gxh4 57. gxh4 Rg7 0-1

[Event "Hastings Masters 2025-26"]
[Site "Hastings ENG"]
[Date "2025.12.29"]
[Round "2.17"]
[White "Yoon, Jacob D"]
[Black "Ward, Cian"]
[Result "1-0"]
[WhiteTitle "CM"]
[WhiteElo "2165"]
[BlackElo "1947"]
[WhiteFideId "446076"]
[BlackFideId "475599"]
[EventDate "2025.12.28"]

1. e4 e6 2. d4 d5 3. Nd2 Nf6 4. e5 Nfd7 5. c3 c5 6. f4 Nc6 7. Ndf3 cxd4 8. cxd4
f6 9. Bd3 Bb4+ 10. Kf1 O-O 11. Be3 Be7 12. Bf2 b6 13. g3 a5 14. Kg2 f5 15. Rc1
Nb4 16. Bb1 b5 17. Be1 Qb6 18. h4 Bb7 19. Nh3 Rfc8 20. Bc3 Nc6 21. Nfg5 Nf8 22.
Nxe6 Nxe6 23. Bxf5 Ncxd4 24. Bxd4 Nxd4 25. Bxc8 Rxc8 26. Qg4 Nc2 27. Qd7 Ne3+
28. Kh2 Ng4+ 29. Qxg4 Rd8 30. Rhf1 d4 31. f5 Bc8 32. Nf4 1-0